Регионална библиотека "Любен Каравелов" - Русе

Цецилия (Запис номер 322444)

MARC детайли
000 -Лидер
Контролно поле с фиксирана дължина 00777nja a2200229 a 4500
003 - Код на организацията, давaща контролен номер
Контролно поле BLK
005 - Дата и час на последна редакция
Контролно поле 20241004101644.0
008 - Елементи от данни с фиксирана дължина
fixed length control field 180414c bul|r|ner|||| 00| c0bul d
010 ## - Наследен системен номер
LC control number NOT00004163003
040 ## - Източник на каталожния запис
Идентификатор на билиотеката - собственик на записа BLK
100 1# - Редна дума - Автор
Автор Щраус, Рихард
Дати, свързани с автора 1864 - 1949
R(LIN) 144682
245 10 - Сведения за заглавието
Заглавие Цецилия
Редно поле (дума) Рихард Щраус; Richard Strauss.
Версия Оп.2, №2
246 11 - Различни форми на заглавието
Паралелно заглавие Cacilie
257 ## - Страна на издаване
Страна на създаване/издаване Сборници - Свят
380 ## - Жанр
Жанр Изкуство
700 1# - Други автори (авторска отговорност)
Лично име Strauss, Richard
9 (RLIN) 25540
773 ## - Описание на основна библиографска единица при аналитични записи (многотомни)
Host Biblionumber 322441
Host Itemnumber 676218
Редна дума на основното описание Щраус, Рихард
Заглавие Избрани песни от съвременни композитори
852 ## - Местоположение
Форматна сигнатура Цб М ІІ 4849
942 ## - АРТИКУЛИ
Вид на библиотечния материал Нотни издания
Скрит в OPAC Не
944 ## - СЪЗДАВАНЕ И РЕДАКЦИЯ на ЗАПИСА
Създаване/Редакция Създаване
Дата на регистрацията/редакция 24.11.2017
Служител, извършил регистрацията/редакцията 30560
Статус, дата на статуса Геновева Генчева
944 ## - СЪЗДАВАНЕ И РЕДАКЦИЯ на ЗАПИСА
Създаване/Редакция Редакция
Дата на регистрацията/редакция 22.12.2017
Служител, извършил регистрацията/редакцията Ирена_Линкова
999 ## - СИСТЕМНИ КОНТРОЛНИ НОМЕРА
Koha biblionumber 322444
Koha biblioitemnumber 322444
Наличности
Код за отписване Код за изгубен артикул Код за повреда Коз за рестрикции Код за отдаване Артикулен № Име на библиотеката - собственик Име на библиотеката, в която се намира в момента Статус (Текущо местоположение) Дата на вписване в системата Местоположение - отдел Цена в лева Инвентарен номер Баркод Номер на екземпляра Цена в евро Служебна бележка Служебен тип на артикула Бележка за публиката
  Не е изгубен Не е повреден само за читалня ползва се в читалня 676221 Регионална библиотека "Любен Каравелов" Русе Регионална библиотека "Любен Каравелов" Русе Аналитични записи 2018-04-14 Аналитични записи 0.00 900300004163 900300004163 3 0.00 аналитичен запис Статия Това е описние на част от артикул: Избрани песни от съвременни композитори
Vip Innovations Ltd, Rousse, Bulgaria 2025